Polskie znaki ostrzegawcze - Statystyki

Ogólne statystyki
  • Ten quiz został rozwiązany 17 razy
  • Średni wynik to 8 z 42
Statystyki odpowiedzi
numer znaczenie % Poprawnych
A-1 Niebezpieczny zakręt w prawo
63%
A-2 Niebezpieczny zakręt w lewo
50%
A-32 Oszronienie jezdni
50%
A-17 Dzieci
38%
A-5 Skrzyżowanie dróg
38%
A-8 Skrzyżowanie o ruchu okrężnym
38%
A-33 Zator drogowy
38%
A-26 Lotnisko
25%
A-11a Próg zwalniający
25%
A-10 Przejazd kolejowy bez zapór
25%
A-9 Przejazd kolejowy z zaporami
25%
A-16 Przejście dla pieszych
25%
A-13 Ruchomy most
25%
A-25 Spadające odłamki skalne
25%
A-21 Tramwaj
25%
A-7 Ustąp pierwszeństwa
25%
A-12a Zwężenie jezdni - dwustronne
25%
A-12c Zwężenie jezdni - lewostronne
25%
A-12b Zwężenie jezdni - prawostronne
25%
A-19 Boczny wiatr
13%
A-4 Niebezpieczne zakręty, pierwszy w lewo
13%
A-3 Niebezpieczne zakręty, pierwszy w prawo
13%
A-22 Niebezpieczny zjazd
13%
A-11 Nierówna droga
13%
A-20 Odcinek jezdni o ruchu dwukierunkowym
13%
A-14 Roboty drogowe
13%
A-6c Skrzyżowanie z drogą podporządkowaną występującą po lewej stronie
13%
A-6a Skrzyżowanie z drogą podporządkowaną występującą po obu stronach
13%
A-6b Skrzyżowanie z drogą podporządkowaną występującą po prawej stronie
13%
A-15 Śliska jezdnia
13%
A-23 Stromy podjazd
13%
A-29 Sygnały świetlne
13%
A-6e Wlot drogi jednokierunkowej z lewej strony
13%
A-6d Wlot drogi jednokierunkowej z prawej strony
13%
A-30 Inne niebezpieczeństwo
0%
A-27 Nabrzeże lub brzeg rzeki
0%
A-31 Niebezpieczne pobocze
0%
A-24 Rowerzyści
0%
A-28 Sypki żwir
0%
A-34 Wypadek drogowy
0%
A-18b Zwierzęta dzikie
0%
A-18a Zwierzęta gospodarskie
0%
Nie znaleziono quizów pasujących do podanych kryteriów
Rozkład punktacji
Procent ludzi z każdym wynikiem
Percentyl według liczby udzielonych odpowiedzi
Twoja historia wyników
Nie rozwiązałeś tego quizu